Práctica de los ejercicios espirituales de San Ignacio de Loyola fundador de la Compañía de Jesús.

Detalles Bibliográficos
Autor principal: TORRUBIA, Pedro Tomás
Formato: Libro
Publicado: Madrid 1761
Materias:
Colección:Banco de datos
Acervo:Biblioteca del Convento de Santa Mónica de la Ciudad de Puebla. Puebla
Tema general:Ascética
Notas:Buena. Marca de fuego 1. E6, 14.
LEADER 00695nam a22001930004500
035 |a 50342 
036 |a 110 
100 1 |a TORRUBIA, Pedro Tomás 
245 1 0 |a Práctica de los ejercicios espirituales de San Ignacio de Loyola fundador de la Compañía de Jesús. 
260 |a Madrid  |b Viuda de Manuel Fernández imp.  |c 1761 
500 |a Buena. Marca de fuego 1. E6, 14. 
650 1 0 |a Ascética 
949 |a CRP 
959 |a Ex convento de Santa Mónica. Puebla, Puebla  |b CCC5 
960 |a Convento de Santa Mónica de la ciudad de Puebla  |b DD88 
961 |a Franciscana  |b OF 
942 |c CRP-SM 
943 |g Biblioteca del Convento de Santa Mónica de la Ciudad de Puebla. Puebla 
999 |c 960680  |d 960680